000
00196 a2200097 4500
001
6407
100
_a
Landau, L D
245
_a
Was ist Relativitat?
260
_a
_b
Baden
_c
090
_c
5270
_d
5270
942
_a
NUST-CAE
_c
M
_c
31679
999
_c
241480
_d
241480